000
00280nam a22001337a 4500
020
_a
1-842-34031-x
082
_a
823
_b
MUL/H
100
_a
MULHERIN, JENNIFER
245
_a
HENRY V
260
_a
SLOUGH
_b
A S PUBLISHING
300
_a
32
650
_a
ENGLISH STORY
_z
UK
942
_c
BK
999
_c
2654
_d
2654